My Playlist (5/25) - Statistics

General Stats
  • This quiz has been taken 3 times
  • The average score is 195 of 415
Answer Stats
Hint Answer % Correct
Rihanna Bitch Better Have My Money
100%
Jorja Smith Blue Lights
100%
Tyler, The Creator EARFQUAKE
100%
Tyler, The Creator GONE, GONE / THANK YOU
100%
Kendrick Lamar i
100%
Kendrick Lamar King Kunta
100%
SZA Low
100%
J. Cole No Role Modelz
100%
Kendrick Lamar Not Like Us
100%
Saba PROM/KING
100%
Tyler, The Creator (ft. Kali Uchis) See You Again
100%
Baby Keem 16
50%
A$AP Rocky (ft. Kendrick Lamar, Joey Bada$$, Yelawolf, Danny Brown, Action Bronson, Big K.R.I.T.) 1Train
50%
SZA (ft. Kendrick Lamar) 30 For 30
50%
Travis Scott 4X4
50%
Mac Miller 5 Dollar Pony Rides
50%
Teezo Touchdown 5 O'Clock
50%
Travis Scott (ft. Kacy Hill) 90210
50%
Tyler, The Creator (ft. Frank Ocean, Steve Lacy) 911 / Mr. Lonely
50%
A$AP Rocky (ft. Moby) A$AP Forever
50%
detahjae Abyss
50%
Denzel Curry (ft. Duke Deuce, Slim Guerilla) ACT A DAMN FOOL
50%
Don Toliver After Party
50%
After The Storm (ft. Tyler, The Creator, Bootsy Collins) After The Storm
50%
Denzel Curry (ft. 6LACK, Rico Nasty, JID, Jasiah, Kitty Ca$h, Powers Pleasant) Ain't No Way
50%
Madvillain, Madlib, MF DOOM All Caps
50%
Kanye West All Of The Lights
50%
Kanye West All Of The Lights (Interlude)
50%
Kendrick Lamar (ft. SZA) All The Stars
50%
Kendrick Lamar Alright
50%
Madvillain, Madlib, MF DOOM (ft. Quasimoto) America's Most Blunted
50%
Chance the Rapper (ft. Saba) Angels
50%
Denzel Curry (ft. Karriem Riggins) Angelz
50%
Saba (ft. Eryn Allen Kane) an Interlude Called "Circus"
50%
Tyler, The Creator ARE WE STILL FRIENDS?
50%
detahjae (ft. DALI, Josh The Human) as i play the piano
50%
Playboi Carti (ft. Kendrick Lamar, Jhené Aiko) BACKD00R
50%
Kendrick Lamar Backseat Freestyle
50%
Don Toliver (ft. Teezo Touchdown) BACKSTREETS
50%
Don Toliver (ft. Wiz Khalifa) Back Up
50%
JPEGMAFIA (ft. Denzel Curry) BALD! REMIX
50%
Mustard (ft. Roddy Ricch) Ballin'
50%
Tyler, The Creator (ft. Doechii) Balloon
50%
Don Toliver BANDIT
50%
detahjae (ft. Vinny G) Beans
50%
Tyler, The Creator BEST INTEREST
50%
Daniel Caesar (ft. H.E.R.) Best Part
50%
Kenny Mason, Paris Texas, See You Next Year (ft. Billy Lemos) Big Bank
50%
Kendrick Lamar Bitch, Don't Kill My Vibe
50%
Denzel Curry (ft. Twelve'len, GoldLink) BLACK BALLOONS
50%
Denzel Curry (ft. That Mexican OT) BLACK FLAG FREESTYLE
50%
Kaye Fox BLISS
50%
Tyler, The Creator (ft. Rex Orange County, Anna of the North) Boredom
50%
Kevin Abstract Boyer
50%
Tyler, The Creator (ft. YG) BOYFRIEND, GIRLFRIEND (2020 Demo)
50%
Ari Lennox (ft. JID) Broke
50%
SZA Broken Clocks
50%
JID (ft. Lil Durk) Bruddanem
50%
JPEGMAFIA, Danny Brown Burfict!
50%
Don Toliver (ft. Brent Faiyaz) Bus Stop
50%
Saba (ft. theMIND) BUSY / SIRENS
50%
2Pac (ft. Roger, Dr. Dre) California Love
50%
JID (ft. Ari Lennox) Can't Make U Change
50%
JID (ft. EARTHGANG) Can't Punk Me
50%
Teezo Touchdown Careful
50%
Doechii CATFISH
50%
detahjae (ft. Oipou, Trendy) Cemetary
50%
Kanye West Champion
50%
Denzel Curry (ft. Kingpin Skinny Pimp) CHOOSE WISELY INTERMISSION
50%
Blxst (ft. Tyga, Ty Dolla $ign) Chosen
50%
Denzel Curry (ft. Zacari) Chrome Hearts
50%
J. Cole cLOUDs
50%
Denzel Curry CLOUT COBAIN
50%
Denzel Curry (ft. Ty Dolla $ign, Juicy J) COLE PIMP
50%
ScHoolboy Q (ft. Kendrick Lamar) Collard Greens
50%
Tyler, The Crator (ft. Nigo) Come On, Let's Go
50%
Kendrick Lamar (ft. Rapsody) Complexion (A Zulu Love)
50%
Tyler, The Creator CORSO
50%
Maxo Kream (ft. Tyler, The Creator) Cracc Era
50%
JID (ft. Kenny Mason) Dance Now
50%
Gorillaz (ft. Shaun Ryder) DARE
50%
Tyler, The Creator (ft. Teezo Touchdown) Darling, I
50%
Lancey Foux (ft. Teezo Touchdown, Cash Cobain) Daylight
50%
A$AP Ferg (ft. Denzel Curry) Demons
50%
Doechii DENIAL IS A RIVER
50%
Kanye West (ft. Rick Ross) Devil In A New Dress
50%
Kanye West, Jay-Z Diamonds From Sierra Leone - Remix
50%
Kendrick Lamar (ft. Blxst, Amanda Reifer) Die Hard
50%
Denzel Curry, Kenny Beats DIET_
50%
Gorillaz (ft. Bootie Brown) Dirty Harry
50%
Kendrick Lamar (ft. Wallie the Sensei, Siete7x, Roddy Ricch) dodger blue
50%
Tyler, The Creator DOGTOOTH
50%
Lyrical Lemonade (ft. Juice WRLD, Cordae) Doomsday
50%
SZA (ft. Kendrick Lamar) Doves In The Wind
50%
Dreamville (ft. JID, Bas, J. Cole, EARTHGANG, Young Nudy) Down Bad
50%
Killer Mike (CeeLo Green) DOWN BY LAW
50%
SZA Drive
50%
Lil Yachty drive ME crazy!
50%
JID EdEddnEddy
50%
Westside Gunn (ft. Doechii) EGYPT - Remix
50%
JPEGMAFIA either on or off the drugs
50%
DJ Khalil (ft. Denzel Curry, Cordae, SWAVAY, Trevor Rich) Elevate
50%
Don Toliver (ft. Travis Scott) Embarassed
50%
Gorillaz (ft. Little Dragon) Empire Ants
50%
The Weeknd (ft. Future) Enjoy The Show
50%
detahjae (ft. JINXED) Equinox, á le train
50%
Kendrick Lamar euphoria
50%
Future, Metro Boomin (ft. Rick Ross) Everyday Hustle
50%
Baby Keem (ft. Kendrick Lamar) family ties
50%
Madvillain, Madlib, MF DOOM (ft. Viktor Vaughn) Fancy Clown
50%
SZA Far
50%
Gorillaz (ft. De La Soul) Feel Good Inc.
50%
Childish Gambino Feels Like Summer
50%
Metro Boomin (ft. A$AP Rocky, Takeoff) Feel The Fiyaaaah
50%
Travis Scott (ft. Playboi Carti) FE!N
50%
Don Toliver (ft. Travis Scott) Flocky Flocky
50%
Lyrical Lemonade (ft. Sheck Wes, Ski Mask The Slump God, JID) Fly Away
50%
Travis Scott (ft. Young Thug, M.I.A.) FRANCHISE
50%
TiaCorine FreakyT
50%
Little Simz Free
50%
Beyoncé (ft. Kendrick Lamar) Freedom
50%
Eminem (ft. JID) Fuel
50%
JID Galaxy
50%
A$AP Rocky (ft. Gunplay, A$AP Ferg) Ghetto Symphony
50%
detahjae Girl-Friend
50%
Tyler, The Creator Glitter
50%
Kendrick Lamar (ft. SZA) Gloria
50%
Kendrick Lamar (ft. Hitta J3, YoungThreat, Peysoh) gnx
50%
JPEGMAFIA, Danny Brown God Loves You
50%
A$AP Rocky Goldie
50%
SZA Gone Girl
50%
Playboi Carti (ft. Kendrick Lamar) GOOD CREDIT
50%
Kendrick Lamar good kid
50%
Kanye West (ft. T-Pain) Good Life
50%
Denzel Curry Gook
50%
Denzel Curry GOT ME GEEKED
50%
Denzel Curry (ft. 2 Chainz, Mike Dimes) G'Z UP
50%
Don Toliver (ft. Offset, Quavo) Had Enough
50%
JID (ft. BabyTron, Lil Yachty) Half Doin Dope
50%
Denzel Curry (ft. Kingpin Skinny Pimp) HEADCRACK INTERLUDE
50%
Key Nyata (ft. Pouya, Denzel Curry, Shakewell, KXLLSWXTCH) Head Hunting
50%
Saba (ft. No ID, Madison McFerrin, Ogi, Jordan Ward) head.rap
50%
Tyler, The Creator HEAVEN TO ME
50%
A$AP Rocky (ft. Santigold) Hell
50%
A$AP Rocky (ft. Jessica Pratt) HIGHJACK
50%
Denzel Curry (ft. Ski Mask The Slump God) HIT THE FLOOR
50%
JPEGMAFIA, Danny Brown HOE (Heaven on Earth)
50%
Baby Keem HONEST
50%
Jay Rock (ft. Kendrick Lamar) Hood Gone Love It
50%
Denzel Curry (ft. PlayThatBoiZay, A$AP Rocky) HOODLUMZ
50%
Denzel Curry (ft. TiaCorine, A$AP Ferg) HOT ONE
50%
Tyler, The Creator (ft. Lil Wayne) HOT WIND BLOWS
50%
A$AP Rocky Houston Old Head
50%
Metro Boomin (ft. James Blake) Hummingbird
50%
Metro Boomin (ft. Future, Don Toliver) I Can't Save You (Interlude)
50%
Tyler, The Creator (ft. Pharrell Williams) IFHY
50%
Alicia Keys If I Ain't Got You
50%
Travis Scott I KNOW ?
50%
JPEGMAFIA I'll Be Right There
50%
Teezo Touchdown I'm Just A Fan
50%
Aminé Invincible
50%
JPEGMAFIA I.S. 231
50%
Tyler, The Creator I THINK
50%
JPEGMAFIA, Danny Brown Jack Harlow Combo Meal
50%
Rihanna James Joint
50%
detahjae (ft. MARTKTWOO, Airi) Janice
50%
Benny The Butcher (ft. J. Cole) Johnny P's Caddy
50%
JPEGMAFIA (ft. Denzel Curry) JPEGULTRA!
50%
Tyler, The Creator (ft. Lil Uzi Vert, Pharrell Williams) JUGGERNAUT
50%
A$AP Rocky (ft. Joe Fox, Kanye West) Jukebox Joints
50%
JID (ft. Lil Wayne, Kenny Mason) Just In Time
50%
21 Savage (ft. Burna Boy, Metro Boomin) just like me
50%
2Pac Keep Ya Head Up
50%
SZA Kill Bill
50%
JPEGMAFIA, Danny Brown (ft. redveil) Kingdom Hearts Key
50%
Jay Rock (ft. Kendrick Lamar, Future, James Blake) King's Dead
50%
Doja Cat (ft. SZA) Kiss Me More
50%
SZA Kitchen
50%
Denzel Curry (ft. Rick Ross) Knotty Head
50%
JID Kody Blu 31
50%
Denzel Curry (ft. Kingpin Skinny Pimp) KOTMS II INTRO
50%
Denzel Curry Larger Than Life
50%
JID (ft. Ravyn Lenae, Eryn Allen Kane) Lauder Too
50%
JPEGMAFIA, Danny Brown Lean Beef Patty
50%
Tyler, The Creator (ft. 42 Dugg) LEMONHEAD
50%
1999 WRITE THE FUTURE (ft. Rick Ross, Rich Brian) LiGhT rAiLs *ੈ✩‧₊˚
50%
Tyler, The Creator (ft. Lola Young) Like Him
50%
Future, Metro Boomin (ft. Kendrick Lamar) Like That
50%
Childish Gambino Lithonia
50%
A$AP Rocky Long Live A$AP
50%
Travis Scott (ft. Kid Cudi) LOOOVE
50%
Travis Scott (ft. Westside Gunn) Lost Forever
50%
SZA (ft. Travis Scott) Love Galore
50%
Rihanna Love On The Brain
50%
Kaash Paige Love Songs - Bonus
50%
Kendrick Lamar (ft. Rihanna) LOYALTY.
50%
Don Toliver (ft. Teezo Touchdown) Luckily I'm Having
50%
Denzel Curry (ft. Kingpin Skinny Pimp) LUNATIC INTERLUDE
50%
Kendrick Lamar (ft. SZA) luther
50%
Saba (ft. Fousheé) Make Believe
50%
Doja Cat (ft. Teezo Touchdown) MASC
50%
Denzel Curry (ft. Robert Glasper) Melt Session #1
50%
Denzel Curry (ft. Saul William, Bridget Perez) Mental
50%
Rico Nasty (ft. Bktherula, Teezo Touchdown) Messy
50%
Metro Boomin (ft. Young Thug) Metro Spider
50%
Teezo Touchdown Mid
50%
Brent Faiyaz (ft. Coco Jones) Moment Of Your Life
50%
JID Money
50%
Kendrick Lamar (ft. Jay Rock) Money Trees
50%
Teezo Touchdown Mood Swings
50%
Killer Mike (ft. Eryn Allen Kane) MOTHERLESS
50%
J. Cole (ft. 21 Savage, Morray) m y . l i f e
50%
Kendrick Lamar N95
50%
Rihanna Needed Me
50%
21 Savage (ft. Travis Scott, Metro Boomin) née-nah
50%
Teezo Touchdown Neighborhood
50%
Lil Uzi Vert (ft. Pharrell Williams) Neon Guts
50%
JID NEVER
50%
Tyler, The Creator NEW MAGIC WAND
50%
Doechii NISSAN ALTIMA
50%
Tyler, The Creator Noid
50%
Don Toliver No Idea
50%
Kanye West No More Parties In LA
50%
Doechii Nosebleeds
50%
Tyler, The Creator November
50%
Gorillaz (ft. MF DOOM) November Has Come
50%
Kendrick Lamar (ft. Mary J. Blige) Now Or Never
50%
Teezo Touchdown Nu Nay
50%
JID Off Da Zoinkys
50%
JID (ft. J. Cole) Off Deez
50%
MF DOOM One Beer
50%
Metro Boomin (ft. John Legend) On Time
50%
SZA (ft. Travis Scott) Open Arms
50%
JPEGMAFIA, Danny Brown Orange Juice Jones
50%
Teezo Touchdown Out of Respect
50%
Doja Cat Paint The Town Red
50%
Kanye West (ft. Mr. Hudson) Paranoid
50%
Joey Basa$$ Pardon Me
50%
Kendrick Lamar (ft. AZ Chike) peekaboo
50%
redveil pg baby
50%
Playboi Carti (ft. Travis Scott) PHILLY
50%
A$AP Rocky (ft. ScHoolboy Q) PMW (All I Really Need)
50%
Kendrick Lamar (ft. Drake) Poetic Justice
50%
Denzel Curry (ft. Key Nyata, Sauce Walka) P.O.P.
50%
Tyler, The Creator (ft. A$AP Rocky) Potato Salad
50%
Tyler, The Creator (ft. Alexander Brettin, Jaden) Pothole
50%
A$AP Rocky (ft. Skepta) Praise The Lord
50%
Kendrick Lamar PRIDE.
50%
J. Cole (ft. Lil Baby p r i d e . i s . t h e . d e v i l
50%
Latto (ft. Teezo Touchdown) Prized Possession
50%
JPEGMAFIA PROTECT THE CROSS
50%
SZA PSA
50%
Childish Gambino (ft. 21 Savage, Ink, Kadhja Bonet) Psilocybae
50%
Kendrick Lamar (ft. Summer Walker, Ghostface Killah) Purple Hearts
50%
Denzel Curry, Kenny Beats Pyro (leak 2019)
50%
Tyler, The Creator Rah Tah Tah
50%
Baby Keem (ft. Kendrick Lamar) range brothers
50%
MF DOOM (ft. Mr. Fantastik) Rapp Snitch Knishes
50%
Playboi Carti (ft. The Weeknd) RATHER LIE
50%
Daniel Caesar, Rex Orange County Rearrange My World
50%
Denzel Curry RICKY
50%
Kendrick Lamar Rigamortis
50%
A$AP Rocky (ft. Pharrell Williams) RIOT
50%
Gorillaz (ft. Del The Funky Homosapien) Rock the House
50%
Teezo Touchdown Rooting For You
50%
See You Next Year (ft. Teezo Touchdown) Roses
50%
Killer Mike (ft. Young Thug) RUN
50%
Kanye West (ft. Pusha T) Runaway
50%
Tyler, The Creator (ft. Teezo Touchdown) RUNITUP
50%
Dreamville (ft. EARTHGANG, J. Cole, Smino, Saba) Sacrifices
50%
Denzel Curry (ft. 454) Sanjuro
50%
SZA Saturn
50%
The Weeknd Save Your Tears
50%
Kendrick Lamar (ft. Baby Keem, Sam Dew) Savior
50%
Kendrick Lamar Savior - Interlude
50%
Killer Mike (ft. André 3000, Eryn Allen Kane, Future) SCIENTISTS & ENGINEERS
50%
Pusha T (ft. Lil Uzi Vert, Don Toliver) Scrape It Off
50%
Metro Boomin (ft. Coi Leray) Self Love
50%
Denzel Curry (ft. Maxo Kream) SET IT
50%
Denzel Curry (ft. Tate Kobang) Shawshank
50%
Tyler, The Creator (ft. Frank Ocean) She
50%
Ari Lennox (ft. J. Cole) Shea Butter Baby
50%
SZA Shirt
50%
Future, Metro Boomin (ft. A$AP Rocky) Show of Hands
50%
Denzel Curry Sick & Tired
50%
Kendrick Lamar (ft. Kodak Black) Silent Hill
50%
Kendrick Lamar Sing About Me, I'm Dying Of Thirst
50%
JPEGMAFIA SIN MIEDO
50%
Tyler, The Creator (ft. DJ Drama) SIR BAUDELAIRE
50%
Denzel Curry (ft. JID) | Travis Scott SIRENS
50%
Denzel Curry (ft. Kenny Mason, Project Pat) SKED
50%
JID (ft. BJ The Chicago Kid) Skrawberries
50%
Doja Cat Skulls And Bones
50%
Mick Jenkins (ft. JID) Smoke Break-Dance
50%
Bruno Mars, Anderson .Paak, Silk Sonic Smokin Out The Window
50%
Gorillaz (ft. Lou Reed) Some Kind of Nature
50%
Tyler, The Creator SORRY NOT SORRY
50%
Joey Bada$$ Sorry Not Sorry
50%
Kendrick Lamar squabble up
50%
redveil square one
50%
Travis Scott STARGAZING
50%
JID (ft. Yasiin Bey) Stars
50%
Tyler, The Creator (ft. Daniel Caesar) St. Chroma
50%
JPEGMAFIA, Danny Brown Steppa Pig
50%
Dreamville (ft. JID, J. Cole, Kenny Mason, Sheck Wes) Stick
50%
Tyler, The Creator (ft. GloRilla, Sexyy Red, Lil Wayne) Sticky
50%
Denzel Curry (ft. LAZER DIM 700, Bktherula) STILL IN THE PAINT
50%
Tyler, The Creator (ft. Vince Staples) STUNTMAN
50%
Gorillaz (ft. Danny Brown, Kelela) Submission
50%
Denzel Curry SUMO
50%
Gorillaz (ft. Gruff Rhys, De La Soul, Dave Jolicoeur, Kelvin Mercer, Vincent Mason) Superfast Jellyfish
50%
Metro Boomin (ft. Future, Chris Brown) Superhero
50%
JID (ft. 21 Savage, Baby Tate) Surround Sound
50%
Teezo Touchdown (ft. Fouseé) Sweet
50%
Tyler, The Creator (ft. Brent Faiyaz, Fana Hues) SWEET / I THOUGHT YOU WANTED TO DANCE
50%
Kendrick Lamar Swimming Pools (Drank)
50%
Denzel Curry TABOO
50%
A$AP Rocky Tailor Swif
50%
Tyler, The Creator (ft. Daniel Caesar, LaToiya Williams) Take Your Mask Off
50%
Dot Da Genius (ft. Kid Cudi, Denzel Curry, JID) Talk About Me
50%
midwxst (ft. Denzel Curry) Tally
50%
Travis Scott (ft. SZA, Future) TELEKINESIS
50%
ScHoolboy Q (ft. Black Hippy) THat Part
50%
Lil Yachty the BLACK seminole.
50%
Kendrick Lamar The Heart Part 5
50%
Baby Keem, Kendrick Lamar The Hillbillies
50%
Denzel Curry The Last
50%
DESTIN CONRAD (ft. Teezo Touchdown) THE LAST TIME
50%
Statik Selektah (ft. Westside Gunn, Joey Bada$$ Rome Streetz, Stove God Cooks) The Louvre
50%
Lil Yachty the ride-
50%
Joey Bada$$ The Ruler's Back
50%
Kendrick Lamar (ft. Bilal, Anna Wise, Thundercat) These Walls
50%
Denzel Curry The Smell Of Death
50%
Teezo Touchdown Third Coast
50%
Tyler, The Creator (ft. ScHoolboy Q, Santigold) Thought I Was Dead
50%
Travis Scott (ft. James Blake, 21 Savage) TIL FURTHER NOTICE
50%
Rico Nasty Time Flies
50%
Teezo Touchdown (ft. Isaiah Rusk) Too Easy
50%
Metro Boomin (ft. Future, Don Toliver) Too Many Nights
50%
Denzel Curry (ft. T-Pain) Troubles
50%
Kendrick Lamar (ft. Lefty Gunplay) tv off
50%
Future, Metro Boomin (ft. Travis Scott, Playboi Carti) Type Shit
50%
Denzel Curry ULT
50%
Denzel Curry (ft. Key Nyata) ULTRA SHXT
50%
Dreamville (ft. J. Cole, Lute, DaBaby) Under The Sun
50%
Teezo Touchdown Up And Down
50%
Doja Cat (ft. A$AP Rocky) URRRGE!!!!!!!!!!
50%
SZA (ft. Don Toliver) Used
50%
Teezo Touchdown UUHH
50%
JID (ft. Lil Yachty) Van Gogh
50%
Denzel Curry (ft. JPEGMAFIA, ZillaKami) VENGEANCE
50%
detahjae (ft. Cymori) ViP SHiT DiP SHiT
50%
Doechii WAIT
50%
Denzel Curry Walkin
50%
Isaiah Rashad (ft. Zacari, Kendrick Lamar) Wat's Wrong
50%
Kanye West (ft. Nas, Really Doe) We Major
50%
Playboi Carti (ft. Young Thug, Ty Dolla $ign) WE NEED ALL DA VIBES
50%
Kendrick Lamar (ft. George Clinton, Thundercat) Wesley's Theory
50%
Tyler, The Creator (ft. A$AP Rocky) WHARF TALK
50%
Tyler, The Creator WHAT A DAY
50%
AZ Chike Whatx2
50%
Don Toliver What You Need
50%
Tyler, The Creator (ft. Frank Ocean) Where This Flower Blooms
50%
Tyler, The Creator (ft. A$AP Rocky Who Dat Boy
50%
Jay Rock WIN
50%
Denzel Curry (ft. Kiddo Marv) WISH
50%
Denzel Curry (ft. Armani White) WISHLIST
50%
Jay Rock (ft. Kendrick Lamar) Wow Freestyle
50%
JID WRK
50%
Tyler, The Creator (ft. YoungBoy Never Broke Again, Ty Dolla $ign) WUSYANAME
50%
Kaye Fox WWYD
50%
Denzel Curry X-Wing
50%
Kendrick Lamar (ft. U2) XXX.
50%
ScHoolboy Q Yeern 101
50%
Future, Metro Boomin (ft. The Weeknd) Young Metro
50%
Teezo Touchdown (ft. Janelle Monáe) You Thought
50%
Denzel Curry (ft. slowthai) Zatoichi
50%
Denzel Curry (ft. Joey Bada$$) Zenith
50%
JID 151 Rum
0%
Tyler, The Creator A BOY IS A GUN*
0%
Denzel Curry (ft. 454) ANOTHA LATE NITE
0%
SZA Another Life
0%
Kendrick Lamar DUCKWORTH.
0%
A$AP Rocky Fashion Killa
0%
Kendrick Lamar FEAR.
0%
JPEGMAFIA, Danny Brown Garbage Pale Kids
0%
SZA Get Behind Me (Interlude)
0%
Kendrick Lamar heart pt. 6
0%
Baby Keem highway 95
0%
Kendrick Lamar Hiiipower
0%
Tyler, The Creator I Ain't Got Time!
0%
Tyler, The Creator I Killed You
0%
JPEGMAFIA i scream this in the mirror before i interact with anyone
0%
Tyler, The Creator Judge Judy
0%
A$AP Rocky L$D
0%
Denzel Curry Me Now
0%
Travis Scott MY EYES
0%
SZA Nobody Gets Me
0%
Brent Faiyaz (ft. N3WYRKLA, A$AP Rocky) Outside All Night
0%
JID Raydar
0%
Kendrick Lamar reincarnated
0%
Kendrick Lamar Rich Spirit
0%
Tyler, The Creator RUNNING OUT OF TIME
0%
Offset (ft. Travis Scott) SAY MY GRACE
0%
SZA Scorsese Baby Daddy
0%
JID Sistanem
0%
SZA Snooze
0%
Teezo Touchdown Social Cues
0%
Killer Mike (ft. Curren$y, 2 Chainz, Kaash Paige) SPACESHIP VIEWS
0%
ScHoolboy Q THank god 4 me
0%
Denzel Curry This Life
0%
detahjae Thought That We Were Just Friends
0%
JPEGMAFIA Valentine's Day Freestyle '25
0%
JID Workin Out
0%
No matching quizzes found
Score Distribution
Percent of People with Each Score
Percentile by Number Answered
Your Score History
You have not taken this quiz